R6 Operators Quiz - Statistics

General Stats
  • This quiz has been taken 182 times
  • The average score is 38 of 61
Answer Stats
Operation Operator % Correct
Base Game - FBI SWAT Ash
91%
Mute
89%
Smoke
89%
Base Game - SAS Sledge
85%
Thermite
84%
Operation Dust Line Blackbeard
83%
Base Game - GSG 9 Blitz
83%
Doc
82%
Rook
80%
Base Game - GIGN Twitch
79%
Bandit
78%
IQ
78%
Operation Black Ice Buck
77%
Castle
77%
Base Game - Spetsnaz Glaz
77%
Jäger
77%
Kapkan
77%
Fuze
76%
Pulse
76%
Frost
74%
Thatcher
72%
Montagne
70%
Tachanka
64%
Valkyrie
64%
Operation Skull Rain Capitão
60%
Operation Red Crow Hibana
60%
Echo
59%
Mozzie
59%
Caveira
58%
Mira
58%
Warden
58%
Operation Steel Wave Ace
57%
Lesion
57%
Lion
57%
Operation Wind Bastion Nomad
57%
Vigil
57%
Operation Blood Orchid Ying
57%
Operation Velvet Shell Jackal
55%
Kaid
55%
Operation Burnt Horizon Gridlock
54%
Operation Shifting Tides Kali
53%
Operation Phantom Sight Nøkk
52%
Alibi
51%
Operation Chimera Finka
51%
Operation Void Edge Iana
51%
Operation Ember Rise Amaru
50%
Clash
50%
Operation Para Bellum Maestro
50%
Operation Grim Sky Maverick
50%
Wamai
50%
Operation Shadow Legacy Zero
50%
Ela
47%
Operation Crimson Heist Flores
46%
Operation White Noise Zofia
46%
Goyo
45%
Operation Crystal Guard Osa
45%
Operation North Star Thunderbird
45%
Dokkaebi
44%
Oryx
43%
Melusi
40%
Operation Neon Dawn Aruni
39%
No matching quizzes found
Score Distribution
Percent of People with Each Score
Percentile by Number Answered
Your Score History
You have not taken this quiz